000 002830000a22000970004500
100 1 _aKearsley, Roy
245 1 0 _aWhat kind of God for the twenty-First century?
300 _aVol. 17, Num. 2 (1999), Páginas 114-128
773 0 _tScottish Bulletin of Evangelical Theology
942 _cANA
999 _c55755
_d55755